| 000 | 01063nam a22002897a 4500 | ||
|---|---|---|---|
| 999 |
_c28593 _d28564 |
||
| 003 | EG-ScBUE | ||
| 005 | 20200825111916.0 | ||
| 008 | 200219s1999 ii f bd 001 0 eng d | ||
| 020 | _a0074517252 | ||
| 040 |
_aEG-ScBUE _beng _erda _cEG-ScBUE _dEG-ScBUE |
||
| 082 | 0 | 4 |
_a681.761 _bKHA _222 |
| 100 | 1 |
_aKhandpur, Raghbir Singh, _d1942- _eauthor. |
|
| 245 | 1 | 0 |
_aHandbook of biomedical instrumentation / _cR.S. Khandpur., director, Centre foe Electronics Design and Technology, SAS Nagar, Mohali, Punjab. |
| 250 | _aReprinted edition. | ||
| 264 | 1 |
_aNew Delhi : _bTata McGraw-Hill Publishing Company Limited, _c1999. |
|
| 300 |
_a702 pages ; _c26 cm |
||
| 336 |
_atext _2rdacontent _btxt |
||
| 337 |
_aunmediated _2rdamedia _bn |
||
| 338 |
_avolume _2rdacarrier _bnc |
||
| 500 | _aIncludes glossary. | ||
| 504 | _aIncludes bibliographical references and index. | ||
| 650 | 7 |
_aMedical instruments and apparatus. _2BUEsh |
|
| 653 |
_bGGEN _cJuly2020 |
||
| 655 |
_vReading book _934232 |
||
| 942 |
_2ddc _cBB |
||